000 00616nam a2200229Ia 4500
005 20250425162508.0
008 250425s9999 xx 000 0 und d
020 _a0792385063
041 _aeng
082 _a005.117
100 _aTYSZER, JERZY
245 0 _aOBJECT-ORIENTED COMPUTER SIMULATION OF DISCRETE-EVENT SYSTEMS
250 _a1ST ED.
260 _aBOSTON
260 _aEstados Unidos
_bKLUWER
_c1999
300 _a258
650 _aMETODOS ORIENTADOS A OBJETOS (INFORMATICA)
650 _aSIMULACION POR COMPUTADOR
650 _aSISTEMAS EN TIEMPO DISCRETO
942 _c01
010 _a78155
999 _c230375
_d230375